Integrated pest management for walnuts

Guardat en:
Dades bibliogràfiques
Format: Llibre
Idioma:anglès
Publicat: Berkeley University of California 1982
Matèries:
Etiquetes: Afegir etiqueta
Sense etiquetes, Sigues el primer a etiquetar aquest registre!

MARC

LEADER 00000nam a2200000 a 4500
001 UCV7333
003 CL-VaPUC
008 910806e19820000US |||||||||||||||||eng|d
082 0 4 |a 634.5199  |b INT  |2 21 
245 1 0 |a Integrated pest management for walnuts 
300 |a 96 p 
942 |c BK 
945 |d 19910806 00:00:00 
260 |a Berkeley  |b University of California  |c 1982 
650 7 |a NUECES CONTROL INTEGRADO  |2 CL-VaPUC  |9 264623 
650 7 |a PLAGAS  |2 CL-VaPUC  |9 264624 
583 |a last modification  |c 19910806 00:00:00  |k Rodrigo Vera 
999 |c 213029  |d 213027 
952 |0 0  |1 0  |4 0  |6 634_519900000000000_INT_1982  |7 0  |8 A  |9 194998  |a BIBAGR  |b BIBAGR  |d 2019-11-14  |i 2631180  |o 634.5199 INT 1982  |p 2631180  |r 2025-01-20  |w 2019-11-14  |y BK  |k AGR